000 00349nam a2200157Ia 4500
100 _aGibson/William E/ Kaufmann/George G
650 _aGeneral
942 _cBK
654 _aECONOMICS
245 _aMonetary Economics
260 _bTata Mc Graw hill
_aNONE
_c1975
082 _a332.46
_bGIB
300 _a509
546 _aENGLISH
999 _c28582
_d28582